| 000 | 00391nam a2200157Ia 4500 | ||
|---|---|---|---|
| 008 | 230711s9999||||xx |||||||||||||| ||und|| | ||
| 041 | _aENG | ||
| 082 |
_a621 _bPE-C |
||
| 100 | _aPedroni,Volnei A | ||
| 245 | 0 | _aCircuit design with VHDL | |
| 250 | _a1st Ed. | ||
| 260 |
_c2007 _aNew Delhi _bPHI Learning Private Limited |
||
| 300 | _a353 | ||
| 650 | _aElectronics Engineering | ||
| 942 | _cBK | ||
| 999 |
_c4820 _d4820 |
||